000 00771nam a2200265 a 4500
003 AR-BaBNM
005 20251128210155.0
008 082120s2002 ||||||||||||||000 | spa||
020 _a84-316-2614-3
040 _cAR-BaBNM
245 0 0 _aEnciclopedia internacional de educación
_n10
250 _a1ª ed.
260 _aBarcelona
_bVicens Vives
_bMinisterio de Educación y Ciencia
_c1989
300 _a434 p.
_btablas, gráfs.
500 _aContiene índice de autores p. 71- 180
500 _aContiene índice temático p. 181-432
650 4 _aENCICLOPEDIAS
650 4 _aEDUCACION
650 4 _aINDICES
655 _aREFERENCIA
700 1 _aHusen, Torsten
_edirector
700 1 _aPostlethwaite, T. Neville
_edirector
942 _cBK
998 _cRaquel
999 _c14377
_d14377